000 00242nam a22001097a 4500
003 SGT
082 _a005.268,JER
100 _aJERKE,NOEL.
245 _aTHE COMPLETE REFERENCE VISUAL BASIC-6
260 _aNEW DELHI
_bTMH
_c2013
942 _2ddc
_cCD
999 _c10936
_d10936